De 13e eeuw - Statistieken

Algemene statistieken
  • Deze quiz is 23 keer genomen
    22 sinds de laatste reset
  • De gemiddelde score is 10 van 18
Antwoordstatistieken
Jaar Beschrijving Antwoord % Correct
1299 Dit rijk wordt gesticht door Osman I in het huidige Turkije Ottomaanse Rijk
100%
1282 Dit deel van het VK wordt veroverd door Edward Longshanks Wales
86%
1209 Deze verarmde heilige sticht de Orde van de Franciscanen Franciscus van Assisi
79%
1274-1281 De Mongolen proberen de marine van dit land te verslaan, maar worden twee keer verrast door een tyfoon. Japan
71%
1271 Deze Venetiaanse ontdekkingsreiziger vertrekt voor een epische tocht naar China Marco Polo
71%
1245 De bouw van deze Londense abdij wordt in gang gezet {Westminster} Abbey
71%
1287 Een enorme overstroming creëert de Zuiderzee en geeft deze stad toegang tot de zee Amsterdam
64%
1209 Deze Engelse universiteit, de tweede oudste daar, wordt in gebruik genomen Cambridge
64%
1276 Dit koningshuis grijpt de macht in Oostenrijk, voor de komende 600 jaar Habsburg
64%
1204 Venetië gebruikt de Vierde Kruistocht om deze stad te veroveren, de belangrijkste in het Christendom op dat moment Constantinopel
50%
1291 Drie kantons vormen een confederatie die zou uitgroeien tot dit modern land Zwitserland
50%
1258 De Mongolen vallen deze stad aan, in het Midden Oosten, en beëindigen er de Islamitische Gouden Jaren Bagdad
43%
1215 Koning John van Engeland wordt verplicht om deze "Grote Charter" te ondertekenen Magna Carta
43%
1215 Deze manier van Boeddhisme wordt overgebracht van China naar India, je komt er helemaal van tot rust Zen
43%
1225 Deze katholieke filosoof wordt geboren, hij raakte bekend als "Dokter van de Kerk" Thomas van {Aquino}
36%
1206-1227 Deze Mongoolse Khan verovert grote delen van Centraal-Azië {Genghis} Khan
29%
1271 Deze Mongoolse Khan verovert China en vestigt er de Yuan-dynastie {Kublai} Khan
21%
1297 Deze Schotse bevelhebber verslaat de Engelsen in de Slag om De Sterling Brug William {Wallace}
21%
Geen overeenkomende quizzen gevonden
Scoreverdeling
Procent van Mensen met Elke Score
Percentiel versus Aantal Correcte Antwoorden
Uw Scoregeschiedenis
U heeft deze quiz nog niet genomen sinds de laatste reset